000 00803nam a2200253Ia 4500
003 OSt
005 20220927103411.0
006 a|||||r|||| 00| 0
007 ta
008 220926b |||||||| |||| 00| 0 eng d
024 _a76622
037 _cReference Collections
040 _aRTL
_cRTL
_beng
041 _2eng
_aeng
082 _a"XM8.1.N7, L6/UN"
110 _aINTERNATIONAL LABOUR OFFICE
245 0 _aInternational principles and gudielines on social policy for multinational enterprises
_b Their usefulness & feasibility
260 _aGeneva
_bILO
_c1976
300 _a"vi, 25p"
_ccm.
650 _aMultinational
_9357865
700 _aINTERNATIONAL LABOUR OFFICE
942 _h"XM8.1.N7, L6/UN"
_cCC
999 _c683097
_d683097